| 000 | 00407nam a22001457a 4500 | ||
|---|---|---|---|
| 020 | _a9781439818688 (hardcover : alk. paper) | ||
| 020 | _a1439818681 (hardcover : alk. paper) | ||
| 082 | 0 | 0 | _a621.3675 |
| 100 | 1 | _aToal, Vincent. | |
| 245 | 1 | 0 | _aIntroduction to holography |
| 260 |
_aBoca Raton : _bCRC Press, _cc2012. |
||
| 300 |
_axxix, 472 p. : _bill. (some col.) ; |
||
| 650 | 0 | _aHolography. | |
| 942 | _cBK | ||
| 999 |
_c11834 _d11834 |
||